| 000 | 00509nam a2200181Ia 4500 | ||
|---|---|---|---|
| 003 | GCL | ||
| 008 | 140319s9999 xx 000 0 ara d | ||
| 040 |
_aGCL / _cGCL |
||
| 082 | 0 | 4 |
_a956.905 _bك خ |
| 100 | 1 | _aكمحى , دايفد | |
| 245 | 1 | 0 |
_aالخيار الاخير (1967 - 1991) / _cكمحى , دايفد |
| 300 | _a384 ص | ||
| 490 | _a | ||
| 650 | 0 | 4 | _aالنزاع العربى الاسرائيلى |
| 650 | 0 | 4 | _aاسرائيل |
| 650 | 0 | 4 | _aالسياسيون - تراجم |
| 942 |
_2ddc _cBK |
||
| 999 |
_c44816 _d44816 |
||